[Event "2.Bundesliga  West 2004/2005"]
[Site "?"]
[Date "2005.03.04"]
[Round "9"]
[White "Hager, Franz"]
[Black "Wegerle, Jörg"]
[Result "0-1"]
[WhiteElo "2224"]
[BlackElo "2338"]
[PlyCount "84"]
[EventDate "2005.??.??"]

1. d4 e6 2. g3 d5 3. Bg2 Nf6 4. c4 c6 5. Nf3 Nbd7 6. O-O Bd6 7. b3 O-O 8. Bb2
Qe7 9. Nbd2 b6 10. Ne5 Bb7 11. e4 Bb4 12. exd5 cxd5 13. a3 Bxd2 14. Qxd2 Rfd8
15. Qf4 Nxe5 16. Qxe5 Rac8 17. Rfc1 dxc4 18. bxc4 Bxg2 19. Kxg2 Qb7+ 20. f3 Nd7
21. Qe2 Rc7 22. Rc2 Rdc8 23. Rac1 h6 24. Kf2 b5 25. c5 Qc6 26. h4 Nf6 27. g4
Nd5 28. Qe4 f5 29. gxf5 exf5 30. Qe5 Re8 31. Qd6 Qxd6 32. cxd6 Rd7 33. Rc5 Nf4
34. R1c2 Nd3+ 35. Kg3 f4+ 36. Kg4 Rxd6 37. Rxb5 Rg6+ 38. Kf5 Rf6+ 39. Kg4 Re1
40. h5 Rg1+ 41. Kh4 Ne1 42. Rc3 Rg3 0-1

[Event "2. Bundesliga West 2004/2005"]
[Site "Salzburg"]
[Date "2005.03.05"]
[Round "10.1"]
[White "Sandner, Gunter"]
[Black "Ivanov, Mikhail"]
[Result "0-1"]
[WhiteElo "2327"]
[BlackElo "2463"]
[PlyCount "40"]
[EventDate "2004.10.16"]

1. Nf3 g6 2. g3 Bg7 3. d4 c5 4. Bg2 cxd4 5. Nxd4 Nc6 6. Nxc6 bxc6 7. O-O Ba6 8.
Nd2 Nf6 9. c4 O-O 10. Qa4 Qc8 11. Nb3 d5 12. cxd5 cxd5 13. Bf4 Bxe2 14. Rfe1
Qc2 15. Bd2 Bc4 16. Qa5 Bxb3 17. axb3 e6 18. Ra4 Qxb2 19. Ra3 Rfc8 20. Be3 Ng4
0-1

[Event "2. Bundesliga West 2004/2005"]
[Site "Salzburg"]
[Date "2005.03.05"]
[Round "10.1"]
[White "Karpatchev, Aleksandr"]
[Black "Jacob, Volker"]
[Result "1-0"]
[WhiteElo "2484"]
[BlackElo "2280"]
[PlyCount "65"]
[EventDate "2004.10.16"]

1. e4 e5 2. Nf3 Nc6 3. Bc4 Nf6 4. d4 exd4 5. e5 d5 6. Bb5 Ne4 7. Nxd4 Bd7 8.
Bxc6 bxc6 9. O-O Bc5 10. f3 Ng5 11. Be3 Ne6 12. f4 Qb8 13. Nc3 Nxd4 14. Bxd4
Qb4 15. Bxc5 Qxc5+ 16. Kh1 O-O 17. Na4 Qe7 18. Qd4 Bf5 19. Nc5 Rae8 20. Rae1
Qh4 21. c3 Re7 22. Kg1 Rfe8 23. Re3 h6 24. b4 Kh7 25. h3 g5 26. g4 gxf4 27.
Qxf4 Bg6 28. Qf6 Qg5 29. Qxg5 hxg5 30. Rf6 Rxe5 31. Rxe5 Rxe5 32. Kf2 Re7 33.
Rxc6 1-0

[Event "2. Bundesliga West 2004/2005"]
[Site "Salzburg"]
[Date "2005.03.05"]
[Round "10.1"]
[White "Egartner, Wolfgang"]
[Black "Lickleder, Andreas"]
[Result "1/2-1/2"]
[WhiteElo "2128"]
[BlackElo "2251"]
[PlyCount "60"]
[EventDate "2004.10.16"]

1. d4 Nf6 2. Nf3 e6 3. c4 Bb4+ 4. Bd2 Qe7 5. g3 Nc6 6. Bg2 Bxd2+ 7. Nbxd2 a5 8.
O-O d6 9. e4 e5 10. d5 Nb8 11. h3 O-O 12. b3 c6 13. a3 c5 14. Ne1 Na6 15. Nd3
Nc7 16. Qe2 g6 17. f4 Nh5 18. Qf2 f6 19. Kh2 Bd7 20. Bf3 Ng7 21. Qe2 Rae8 22.
fxe5 fxe5 23. Bg4 Bxg4 24. Qxg4 Nh5 25. Rxf8+ Rxf8 26. Rf1 Nf6 27. Qe2 Nce8 28.
a4 Ng7 29. Rf2 Ngh5 30. Kg2 Ng7 1/2-1/2

[Event "2. Bundesliga West 2004/2005"]
[Site "Salzburg"]
[Date "2005.03.05"]
[Round "10.1"]
[White "Hager, Franz"]
[Black "Jenul, Reinhold"]
[Result "1-0"]
[WhiteElo "2224"]
[BlackElo "2119"]
[PlyCount "81"]
[EventDate "2004.10.16"]

1. d4 Nf6 2. c4 e6 3. Nc3 d5 4. Nf3 Be7 5. Bf4 a6 6. e3 Nbd7 7. cxd5 exd5 8. h3
c6 9. Bd3 O-O 10. Qc2 Re8 11. O-O Nf8 12. Rab1 Ng6 13. Bh2 Bd6 14. b4 Bxh2+ 15.
Kxh2 Nf8 16. Ne5 N6d7 17. f4 f6 18. Nxd7 Bxd7 19. e4 dxe4 20. Bxe4 Be6 21. Rfd1
Qd6 22. g3 Rad8 23. d5 cxd5 24. Nxd5 Qb8 25. Rb2 Bf7 26. Bf3 Rc8 27. Qf2 b5 28.
Re2 Ng6 29. Rxe8+ Rxe8 30. Rd2 Ne7 31. Nxe7+ Rxe7 32. Qc5 Re8 33. Rd6 Bc4 34.
a3 Re6 35. Rd7 Qe8 36. Qd4 Qg6 37. g4 Qc2+ 38. Kg3 h6 39. Qa7 Re2 40. Rxg7+ Kf8
41. Rh7 1-0

[Event "2. Bundesliga West 2004/2005"]
[Site "Salzburg"]
[Date "2005.03.05"]
[Round "10.2"]
[White "Dobosz, Henryk"]
[Black "Dizdar, Goran"]
[Result "1/2-1/2"]
[WhiteElo "2453"]
[BlackElo "2535"]
[PlyCount "36"]
[EventDate "2004.10.16"]

1. d4 Nf6 2. Nf3 e6 3. e3 b6 4. Bd3 Bb7 5. O-O Be7 6. c4 c5 7. Nc3 cxd4 8. exd4
d5 9. cxd5 Nxd5 10. Ne5 O-O 11. Qg4 f5 12. Qe2 Bf6 13. Bc4 Re8 14. Qf3 Nc6 15.
Bxd5 exd5 16. Nxc6 Bxc6 17. Be3 Qd7 18. Qg3 Re6 1/2-1/2

[Event "2. Bundesliga West 2004/2005"]
[Site "Salzburg"]
[Date "2005.03.05"]
[Round "10.2"]
[White "Bromberger, Stefan"]
[Black "Eisenbeiser, Amadeus"]
[Result "1/2-1/2"]
[WhiteElo "2440"]
[BlackElo "2304"]
[PlyCount "87"]
[EventDate "2004.10.16"]

1. e4 c5 2. Nf3 e6 3. d4 cxd4 4. Nxd4 a6 5. Nc3 b5 6. Bd3 Qb6 7. Nf3 Qc7 8. O-O
Bc5 9. Qd2 Be7 10. b3 d6 11. Bb2 Nf6 12. a4 b4 13. Na2 Nc6 14. Nxb4 Nxb4 15.
Qxb4 d5 16. Qe1 dxe4 17. Bxe4 Nxe4 18. Qxe4 Bb7 19. Qg4 O-O-O 20. Be5 Bxf3 21.
Qg3 Qc5 22. b4 Qd5 23. c4 Qd3 24. gxf3 Bxb4 25. Rad1 Qg6 26. Bxg7 Rxd1 27. Rxd1
Rd8 28. Rxd8+ Kxd8 29. Bd4 Kd7 30. Qxg6 hxg6 31. Kf1 Kc6 32. Ke2 Bd6 33. h3 f5
34. Kd3 e5 35. Be3 Bb8 36. Bc1 Bc7 37. Bb2 Bd6 38. Bc1 Bb8 39. Kc3 Bd6 40. Be3
Bb8 41. Kb4 Bc7 42. Bg5 Bb6 43. Be3 Bc7 44. Bg5 1/2-1/2

[Event "2. Bundesliga West 2004/2005"]
[Site "Salzburg"]
[Date "2005.03.05"]
[Round "10.2"]
[White "Schmidlechner, Alexander"]
[Black "Pilz, Dieter"]
[Result "1/2-1/2"]
[WhiteElo "2212"]
[BlackElo "2303"]
[PlyCount "63"]
[EventDate "2004.10.16"]

1. d4 Nf6 2. Nf3 c5 3. d5 d6 4. Nc3 g6 5. a4 Bg7 6. Nd2 O-O 7. e4 e6 8. Be2 Na6
9. O-O exd5 10. exd5 Nb4 11. Nc4 Bf5 12. Ne3 Bd7 13. Bd2 a6 14. a5 Rb8 15. Re1
b5 16. axb6 Rxb6 17. Nc4 Rb8 18. Bf4 Bf5 19. Bxd6 Nxc2 20. Bxb8 Qxb8 21. Rxa6
Nxe1 22. Qxe1 Rd8 23. Qd1 Ne4 24. Rb6 Qf4 25. Nxe4 Bxe4 26. g3 Qg5 27. d6 Bd4
28. Nd2 Bd5 29. Bf3 Qe5 30. Bxd5 Qxd5 31. Qf3 Rxd6 32. Rxd6 1/2-1/2

[Event "2. Bundesliga West 2004/2005"]
[Site "Salzburg"]
[Date "2005.03.05"]
[Round "10.2"]
[White "Wallis, Toni"]
[Black "Ferrari, Josef"]
[Result "1/2-1/2"]
[WhiteElo "2177"]
[BlackElo "2220"]
[PlyCount "58"]
[EventDate "2004.10.16"]

1. e4 e5 2. Nf3 Nc6 3. Bb5 a6 4. Ba4 Nf6 5. O-O Be7 6. Re1 b5 7. Bb3 O-O 8. h3
Bb7 9. d3 d6 10. a3 Na5 11. Ba2 c5 12. Nc3 Nc6 13. Nd5 Nxd5 14. Bxd5 Qc7 15. c3
Bf6 16. Nh2 Qe7 17. Ng4 Bg5 18. Ne3 Bxe3 19. Rxe3 Nd8 20. Ba2 Ne6 21. Rg3 Kh8
22. Qg4 Qf6 23. Be3 Bc8 24. Qe2 Nf4 25. Qd2 g5 26. Bd5 Rb8 27. d4 cxd4 28. cxd4
Be6 29. dxe5 dxe5 1/2-1/2

[Event "2. Bundesliga West 2004/2005"]
[Site "Salzburg"]
[Date "2005.03.05"]
[Round "10.2"]
[White "Gerhold, Michael"]
[Black "Kranz, Armin"]
[Result "0-1"]
[WhiteElo "2203"]
[BlackElo "2149"]
[PlyCount "56"]
[EventDate "2004.10.16"]

1. d4 Nf6 2. Nf3 e6 3. e3 b6 4. Bd3 Bb7 5. O-O c5 6. c4 d5 7. cxd5 exd5 8. Nc3
Be7 9. b3 Nc6 10. Bb2 cxd4 11. Nxd4 Nxd4 12. exd4 O-O 13. Qf3 Rc8 14. Rac1 a6
15. Na4 Re8 16. Rfe1 Rxc1 17. Rxc1 Ne4 18. h3 Bd6 19. a3 Re6 20. Rc2 Bb8 21. g3
Rf6 22. Qg4 Rg6 23. Qf5 Rg5 24. Qf3 Bxg3 25. Kh1 Bb8 26. h4 Rg6 27. Qh3 Rh6 28.
h5 g6 0-1

[Event "2. Bundesliga West 2004/2005"]
[Site "Salzburg"]
[Date "2005.03.05"]
[Round "10.3"]
[White "Volke, Karsten"]
[Black "Halasz, Tamas"]
[Result "1/2-1/2"]
[WhiteElo "2483"]
[BlackElo "2383"]
[PlyCount "118"]
[EventDate "2004.10.16"]

1. Nf3 Nf6 2. c4 e6 3. Nc3 d5 4. d4 c6 5. Bg5 Nbd7 6. e3 Qa5 7. cxd5 Nxd5 8.
Qd2 h6 9. Bh4 Bd6 10. Bd3 O-O 11. O-O e5 12. Bg3 Re8 13. Nxd5 Qxd5 14. Qc2 Bb8
15. Bc4 Qa5 16. Qg6 Rf8 17. Bb3 exd4 18. exd4 Qb5 19. Bxb8 Qxb3 20. axb3 fxg6
21. Bxa7 Re8 22. Bc5 Rxa1 23. Rxa1 g5 24. Bb4 g4 25. Nd2 Nb6 26. Nc4 Nxc4 27.
bxc4 Be6 28. Ra7 Rd8 29. Bc5 Rd7 30. b3 Kf7 31. Bb6 Bf5 32. f3 gxf3 33. gxf3
Bc2 34. Ra3 Re7 35. Kf2 Bd3 36. Ra7 Bc2 37. Bc5 Rd7 38. Ra3 g5 39. Ke2 Kg7 40.
Kd2 Bg6 41. Ke3 Bc2 42. f4 g4 43. Kd2 Be4 44. Ra8 h5 45. Re8 Bf5 46. Ke3 Kg6
47. Rh8 Rh7 48. Rxh7 Kxh7 49. d5 cxd5 50. cxd5 Kg6 51. Be7 Bc2 52. b4 Kf5 53.
Bg5 Ba4 54. Kd4 b6 55. Bd8 Kxf4 56. Bxb6 h4 57. Kc5 Ke4 58. Bc7 Be8 59. b5 Bxb5
1/2-1/2

[Event "2. Bundesliga West 2004/2005"]
[Site "Salzburg"]
[Date "2005.03.05"]
[Round "10.3"]
[White "Blaskowski, Johannes"]
[Black "Kelecevic, Nedelj"]
[Result "1-0"]
[WhiteElo "2385"]
[BlackElo "2403"]
[PlyCount "53"]
[EventDate "2004.10.16"]

1. e4 c5 2. Nf3 e6 3. d4 cxd4 4. Nxd4 Nc6 5. Nc3 Bc5 6. Nb3 Be7 7. f4 d6 8. Be3
Nf6 9. Qf3 O-O 10. O-O-O Qc7 11. g4 a6 12. g5 Nd7 13. h4 b5 14. h5 b4 15. Ne2
Bb7 16. Kb1 Rac8 17. Bh3 Nd8 18. Rc1 d5 19. f5 dxe4 20. Qg2 exf5 21. Bxf5 Ne5
22. g6 fxg6 23. hxg6 Rxf5 24. gxh7+ Kh8 25. Qxg7+ Kxg7 26. h8=Q+ Kf7 27. Ned4
1-0

[Event "2. Bundesliga West 2004/2005"]
[Site "Salzburg"]
[Date "2005.03.05"]
[Round "10.3"]
[White "Weindl, Alfred"]
[Black "Grundherr, Mart"]
[Result "1-0"]
[WhiteElo "2354"]
[BlackElo "2315"]
[PlyCount "59"]
[EventDate "2004.10.16"]

1. Nf3 d5 2. g3 Bg4 3. Bg2 Nf6 4. c4 c6 5. cxd5 cxd5 6. Ne5 Bh5 7. Nc3 e6 8.
Qa4+ Nbd7 9. g4 Bg6 10. h4 b5 11. Nxb5 Nxe5 12. Nc7+ Ke7 13. Nxa8 Qxa8 14. h5
Be4 15. f3 Nexg4 16. fxe4 Nxe4 17. Bxe4 dxe4 18. b3 f5 19. Ba3+ Kf6 20. Bb2+
Kg5 21. O-O-O Be7 22. Bxg7 Rc8+ 23. Kb1 Qd5 24. Qxa7 Bb4 25. Bd4 Bf8 26. Rdg1
Ra8 27. Qxh7 Qa5 28. Qg6+ Kf4 29. Rxg4+ fxg4 30. Qf6+ 1-0

[Event "2. Bundesliga West 2004/2005"]
[Site "Salzburg"]
[Date "2005.03.05"]
[Round "10.3"]
[White "Eybl, Alexander"]
[Black "Pöttinger, Harald"]
[Result "1/2-1/2"]
[WhiteElo "2259"]
[BlackElo "2259"]
[PlyCount "65"]
[EventDate "2004.10.16"]

1. Nf3 d6 2. g3 f5 3. Bg2 Nf6 4. O-O g6 5. c4 Bg7 6. Nc3 O-O 7. Rb1 a5 8. a3
Nh5 9. b4 axb4 10. axb4 f4 11. Bb2 e5 12. Qb3 Be6 13. Ra1 Rxa1 14. Rxa1 Nc6 15.
b5 Nd4 16. Nxd4 exd4 17. Ne4 Kh8 18. Qd3 Bxc4 19. Qxc4 d5 20. Qd3 dxe4 21. Bxe4
fxg3 22. fxg3 Qf6 23. Bf3 Qb6 24. Ba3 Rf5 25. Bb4 Bf8 26. Bxf8 Rxf8 27. Ra4 Rd8
28. e3 Ng7 29. Rxd4 Rxd4 30. Qxd4 Qxd4 31. exd4 b6 32. Bg4 Ne8 33. Kf2 1/2-1/2

[Event "2. Bundesliga West 2004/2005"]
[Site "Salzburg"]
[Date "2005.03.05"]
[Round "10.3"]
[White "Mira, Helene"]
[Black "Neuschmied, S."]
[Result "1/2-1/2"]
[WhiteElo "2144"]
[BlackElo "2218"]
[PlyCount "96"]
[EventDate "2004.10.16"]

1. Nf3 Nf6 2. c4 g6 3. Nc3 Bg7 4. e4 d6 5. d4 O-O 6. Be2 Na6 7. h3 e5 8. dxe5
dxe5 9. Qxd8 Rxd8 10. Be3 Nh5 11. g3 Nb4 12. Rc1 c6 13. a3 Nd3+ 14. Bxd3 Rxd3
15. Ke2 Rd8 16. g4 Nf4+ 17. Bxf4 exf4 18. Rhd1 Re8 19. Kf1 h5 20. Nh2 Be6 21.
c5 hxg4 22. hxg4 Bf6 23. Kg2 Kg7 24. Rd2 Bg5 25. Nf3 Be7 26. Ne2 Bxg4 27. Nxf4
Rad8 28. Rxd8 Rxd8 29. Ne5 Bc8 30. b4 Bg5 31. Kf3 f5 32. exf5 Bxf5 33. Rg1 Bxf4
34. Kxf4 Rd2 35. f3 Kf6 36. Ng4+ Bxg4 37. fxg4 Rf2+ 38. Kg3 Rd2 39. Rf1+ Kg5
40. Rf7 Rd3+ 41. Kf2 Rxa3 42. Rxb7 Kxg4 43. Rc7 Ra6 44. Ke3 g5 45. Ke4 Ra4 46.
Rxc6 Rxb4+ 47. Kd5 Rb7 48. Re6 Kg3 1/2-1/2

[Event "2. Bundesliga West 2004/2005"]
[Site "Salzburg"]
[Date "2005.03.05"]
[Round "10.3"]
[White "Mittelberger, Peter"]
[Black "Heilinger, Dietmar"]
[Result "1-0"]
[WhiteElo "2257"]
[BlackElo "2167"]
[PlyCount "190"]
[EventDate "2004.10.16"]

1. e4 c6 2. d4 d5 3. e5 c5 4. dxc5 e6 5. Nf3 Bxc5 6. Bd3 Nc6 7. O-O Nge7 8. c3
Ng6 9. Bxg6 hxg6 10. Nbd2 Bd7 11. Nb3 Bb6 12. Re1 Na5 13. Nbd4 Rc8 14. Bg5 Qc7
15. Rc1 Qb8 16. h3 Bc7 17. b3 Bd8 18. Qd2 b6 19. Bxd8 Rxd8 20. Qf4 Rc8 21. Ng5
Rf8 22. Re3 Nb7 23. Rf3 Nd8 24. Re1 Qc7 25. Qh4 Bc6 26. Qh7 Qe7 27. h4 Kd7 28.
Qxg7 Kc7 29. Rf6 Bd7 30. b4 Kb8 31. Re3 a5 32. a3 axb4 33. axb4 Qe8 34. Rff3
Rc7 35. Qf6 Bc8 36. Qf4 Qa4 37. Re1 Re8 38. Qc1 Ree7 39. Qa1 Qxa1 40. Rxa1 Rc4
41. g3 Bd7 42. Kh2 Be8 43. Nh7 f5 44. Ng5 Nc6 45. Nxc6+ Bxc6 46. Ra3 Bb5 47.
Rf4 Rxf4 48. gxf4 Bd7 49. Kg3 Bc8 50. Nf3 Rc7 51. Nd4 Bd7 52. Kf3 Rc8 53. Ke3
Rh8 54. Nf3 Rc8 55. Kd2 Rh8 56. Ra1 Kb7 57. Rg1 Rh6 58. Kd3 Kb8 59. Rh1 Rh8 60.
Kd4 Rc8 61. Nd2 Bb5 62. h5 gxh5 63. Rxh5 Rc7 64. Rh8+ Kb7 65. Re8 Rc8 66. Rxc8
Kxc8 67. Ke3 Kd7 68. Nf3 Ke7 69. Nd4 Bd7 70. Kf3 Kd8 71. Kg3 Ke7 72. Kh4 Ke8
73. Kg5 Kf7 74. Kh6 Ke7 75. Nf3 Ke8 76. Ng5 Ke7 77. Kg7 Ba4 78. Nh7 Be8 79. Nf6
Bf7 80. Ng8+ Ke8 81. Nh6 Bh5 82. Kf6 Kd7 83. Nf7 Be2 84. Ng5 d4 85. cxd4 Bc4
86. Nh7 Kc6 87. Nf8 Kb5 88. Nxe6 Kxb4 89. Nc7 Kc3 90. d5 b5 91. Nxb5+ Bxb5 92.
d6 Kc4 93. e6 Kc5 94. d7 Bxd7 95. exd7 Kd6 1-0

[Event "2. Bundesliga West 2004/2005"]
[Site "Salzburg"]
[Date "2005.03.05"]
[Round "10.4"]
[White "Medvegy, Zoltan"]
[Black "Heinzel, Olaf"]
[Result "1/2-1/2"]
[WhiteElo "2456"]
[BlackElo "2402"]
[PlyCount "49"]
[EventDate "2004.10.16"]

1. e4 d5 2. exd5 Qxd5 3. Nc3 Qd6 4. d4 Nf6 5. Bc4 a6 6. Bb3 e6 7. Nf3 b5 8. Qe2
Bb7 9. Bg5 Nbd7 10. O-O-O Nd5 11. Ne4 Qb6 12. Ne5 Nxe5 13. dxe5 h6 14. Bh4 Be7
15. Bxe7 Nxe7 16. Rhe1 Rd8 17. Rxd8+ Kxd8 18. g3 Kc8 19. c3 Ng6 20. f4 Rd8 21.
Bc2 Ne7 22. Qe3 Qxe3+ 23. Rxe3 Bxe4 24. Bxe4 c6 25. Rd3 1/2-1/2

[Event "2. Bundesliga West 2004/2005"]
[Site "Salzburg"]
[Date "2005.03.05"]
[Round "10.4"]
[White "Bayer, Bernhard"]
[Black "Dovzik, Juri"]
[Result "1/2-1/2"]
[WhiteElo "2300"]
[BlackElo "2434"]
[PlyCount "68"]
[EventDate "2004.10.16"]

1. e4 c5 2. Nf3 e6 3. d4 cxd4 4. Nxd4 Nf6 5. Nc3 Nc6 6. Nxc6 bxc6 7. e5 Nd5 8.
Ne4 Bb7 9. c4 Nb4 10. Bd2 c5 11. Bxb4 Bxe4 12. Bc3 Qc7 13. Qg4 Qb7 14. Rd1 h5
15. Qg5 Be7 16. Qf4 Bxg2 17. Rg1 Qe4+ 18. Qxe4 Bxe4 19. Rxg7 Bg6 20. Bd3 Bf8
21. Rxg6 fxg6 22. Bxg6+ Ke7 23. Ke2 Bh6 24. Rd6 Rag8 25. Bc2 h4 26. Ba4 Rd8 27.
Ba5 Bf4 28. Bxd8+ Rxd8 29. f3 Bxe5 30. Ra6 Bb8 31. Bc2 Rg8 32. Ra3 Rg1 33. Rb3
Be5 34. Rb7 Bd4 1/2-1/2

[Event "2. Bundesliga West 2004/2005"]
[Site "Salzburg"]
[Date "2005.03.05"]
[Round "10.4"]
[White "Webersberger, Johann"]
[Black "Fuchs, Georg"]
[Result "1-0"]
[WhiteElo "2233"]
[BlackElo "2281"]
[PlyCount "83"]
[EventDate "2004.10.16"]

1. e4 e5 2. Nf3 Nf6 3. Nc3 Nc6 4. Bb5 Bc5 5. O-O d6 6. d4 exd4 7. Nxd4 Bd7 8.
Nb3 Bb6 9. h3 Ne5 10. Bxd7+ Qxd7 11. Qe2 O-O-O 12. a4 a6 13. a5 Ba7 14. Be3
Bxe3 15. Qxe3 Kb8 16. Nd4 c5 17. Nf3 Nxf3+ 18. Qxf3 Qe6 19. Rab1 g5 20. b4 g4
21. hxg4 Nxg4 22. bxc5 Ne5 23. Qe2 dxc5 24. f4 Nd7 25. e5 Qc6 26. Qe4 Rc8 27.
Rfd1 Qxe4 28. Nxe4 Rc7 29. Ng5 h6 30. Nxf7 Rf8 31. e6 Nf6 32. f5 Ne4 33. Rb3 c4
34. Re3 Nf6 35. Nxh6 Rc5 36. g4 Rxa5 37. g5 Ne8 38. e7 Rh8 39. Rd8+ Kc7 40. Kg2
Ra2 41. f6 Rxc2+ 42. Kg3 1-0

[Event "2. Bundesliga West 2004/2005"]
[Site "Salzburg"]
[Date "2005.03.05"]
[Round "10.4"]
[White "Kondrak, Christof"]
[Black "Ager, Josef"]
[Result "0-1"]
[WhiteElo "2189"]
[BlackElo "2222"]
[PlyCount "70"]
[EventDate "2004.10.16"]

1. d4 g6 2. c4 Bg7 3. Nf3 d6 4. Nc3 Nd7 5. Bf4 e5 6. Bg5 f6 7. Bh4 Nh6 8. dxe5
dxe5 9. e4 c6 10. Be2 O-O 11. Qc2 Nc5 12. O-O a5 13. Na4 Nxa4 14. Qxa4 Qe7 15.
h3 g5 16. Bg3 f5 17. exf5 e4 18. Nh2 Nxf5 19. Rab1 Qc5 20. Kh1 Be6 21. Qc2 Nd4
22. Qd2 Nxe2 23. Qxe2 Bxc4 24. Rfc1 Bxe2 25. Rxc5 h6 26. Ng4 Bd4 27. Rf5 Kh7
28. Rxf8 Rxf8 29. Re1 Bd3 30. b3 h5 31. Ne3 h4 32. Bc7 Rxf2 33. Bxa5 Rxa2 34.
Bd8 Kg6 35. Ng4 Rb2 0-1

[Event "2. Bundesliga West 2004/2005"]
[Site "Salzburg"]
[Date "2005.03.05"]
[Round "10.4"]
[White "Hackbarth, Wolfgang"]
[Black "Fürlinger, Harald"]
[Result "1-0"]
[WhiteElo "2137"]
[BlackElo "2074"]
[PlyCount "57"]
[EventDate "2004.10.16"]

1. c4 e5 2. Nc3 Nf6 3. g3 g6 4. Bg2 Bg7 5. Nf3 Nc6 6. d3 O-O 7. Bg5 h6 8. Bd2
d6 9. Rb1 a5 10. a3 Be6 11. e4 Nh5 12. Nd5 Nd4 13. Nxd4 exd4 14. g4 Nf6 15. g5
Ng4 16. h3 Ne5 17. gxh6 Bh8 18. Qe2 Bxd5 19. cxd5 Qh4 20. O-O f5 21. f4 Nf7 22.
Rbc1 Qe7 23. Qe1 Rfe8 24. Bxa5 b6 25. Bd2 Nxh6 26. Qg3 Kh7 27. Rfe1 Qd8 28. e5
dxe5 29. fxe5 1-0

[Event "2. Bundesliga West 2004/2005"]
[Site "Salzburg"]
[Date "2005.03.05"]
[Round "10.5"]
[White "Schmidt, Georg"]
[Black "Braun, Arik"]
[Result "0-1"]
[WhiteElo "2364"]
[BlackElo "2473"]
[PlyCount "98"]
[EventDate "2004.10.16"]

1. e4 c6 2. d4 d5 3. exd5 cxd5 4. c4 Nf6 5. Nc3 e6 6. Nf3 Be7 7. cxd5 Nxd5 8.
Bd3 O-O 9. O-O Nc6 10. Re1 Nf6 11. Bg5 b6 12. Qe2 Bb7 13. Rad1 Nb4 14. Bb1 Rc8
15. Ne5 Nbd5 16. Qd3 g6 17. Qh3 Nxc3 18. bxc3 Nd5 19. Bh6 Nxc3 20. Bxf8 Qxf8
21. Rd2 Bb4 22. Rc2 Be4 23. Nd7 Qd8 24. Nf6+ Qxf6 25. Rxe4 Qd8 26. Re1 Qxd4 27.
Qe3 Qxe3 28. fxe3 a5 29. Rf1 Kg7 30. g4 Rc4 31. h3 Bc5 32. Rf3 e5 33. Kg2 b5
34. Rxc3 Rxc3 35. e4 Rc4 36. Rb3 b4 37. Rb2 Rc1 38. Bd3 a4 39. Rc2 Rg1+ 40. Kh2
Bd4 41. Bc4 Rb1 42. Bd5 b3 43. axb3 axb3 44. Rc7 b2 45. Rxf7+ Kh6 46. h4 Rg1
47. g5+ Kh5 48. Rxh7+ Kg4 49. Be6+ Kf4 0-1

[Event "2. Bundesliga West 2004/2005"]
[Site "Salzburg"]
[Date "2005.03.05"]
[Round "10.5"]
[White "Bezold, Michael"]
[Black "Panteleev, Petar"]
[Result "1/2-1/2"]
[WhiteElo "2532"]
[BlackElo "2295"]
[PlyCount "47"]
[EventDate "2004.10.16"]

1. b3 Nf6 2. Bb2 g6 3. Bxf6 exf6 4. c4 Bg7 5. Nc3 O-O 6. g3 f5 7. Bg2 d6 8. e3
Nd7 9. Nge2 a6 10. b4 c6 11. O-O Nf6 12. Rc1 Re8 13. a4 Ne4 14. d3 Nxc3 15.
Nxc3 a5 16. b5 c5 17. Nd5 Be6 18. b6 Bxd5 19. Bxd5 Ra6 20. Qd2 Rxb6 21. Qxa5
Rb4 22. Qxd8 Rxd8 23. Rb1 Bb2 24. Bf3 1/2-1/2

[Event "2. Bundesliga West 2004/2005"]
[Site "Salzburg"]
[Date "2005.03.05"]
[Round "10.5"]
[White "Opl, Klaus"]
[Black "Grabher, Heinz"]
[Result "0-1"]
[WhiteElo "2305"]
[BlackElo "2271"]
[PlyCount "52"]
[EventDate "2004.10.16"]

1. e4 c5 2. Nc3 e6 3. f4 d5 4. Nf3 Nf6 5. Bb5+ Bd7 6. Bxd7+ Qxd7 7. Ne5 Qc7 8.
exd5 exd5 9. Qf3 Qd8 10. Qe2 Be7 11. Qb5+ Nbd7 12. Qxb7 Rb8 13. Qa6 d4 14. Nd1
Nxe5 15. fxe5 Rb6 16. Qxa7 Nd7 17. O-O O-O 18. Qa3 Nxe5 19. Qg3 Ng6 20. d3 Re8
21. Bd2 Re6 22. Nf2 Nh4 23. Qh3 Rg6 24. g3 Nf3+ 25. Kh1 Nxd2 26. Rfd1 Bg5 0-1

[Event "2. Bundesliga West 2004/2005"]
[Site "Salzburg"]
[Date "2005.03.05"]
[Round "10.5"]
[White "Feistenauer, Fred"]
[Black "Mroz, Thomas"]
[Result "1-0"]
[WhiteElo "2284"]
[BlackElo "2105"]
[PlyCount "118"]
[EventDate "2004.10.16"]

1. e4 Nf6 2. Nc3 e5 3. g3 Bc5 4. Bg2 d6 5. Nf3 Nc6 6. O-O Bg4 7. h3 Bxf3 8.
Bxf3 a6 9. d3 O-O 10. Be3 Bxe3 11. fxe3 Nd7 12. Bg2 Qg5 13. Rf3 Ne7 14. Qe2 b5
15. Raf1 Qg6 16. Kh2 Nb6 17. h4 b4 18. Nd1 d5 19. R3f2 Rad8 20. exd5 Nbxd5 21.
Bxd5 Nxd5 22. e4 Ne7 23. Ne3 Qe6 24. Nc4 Nc6 25. Qe3 Nd4 26. Qe1 c5 27. b3 Nb5
28. Ne3 Rd7 29. Nc4 f6 30. Qa1 Ra7 31. a3 a5 32. a4 Nd4 33. Qd1 Qe7 34. Ne3 Qd7
35. Nc4 Qe7 36. Qg4 Ra6 37. Ne3 Qe6 38. Qd1 Qd7 39. Nc4 Re8 40. Qh5 Re7 41.
Nxe5 Qe8 42. Qxe8+ Rxe8 43. Nc4 Nc6 44. Kg2 Nd4 45. Ne3 Ra7 46. Re1 Ra6 47. Rg1
Ra7 48. Kf1 Ra6 49. Ke1 Ra7 50. Kd2 Ra6 51. Re1 Ra7 52. Nc4 Nc6 53. Rg1 Ne5 54.
g4 Nxc4+ 55. bxc4 Rd7 56. Ke3 Red8 57. Rf5 Rc7 58. g5 fxg5 59. Rgxg5 h6 1-0

[Event "2. Bundesliga West 2004/2005"]
[Site "Salzburg"]
[Date "2005.03.05"]
[Round "10.5"]
[White "Hamberger, Hermann"]
[Black "Atlas, Dimitry"]
[Result "1/2-1/2"]
[WhiteElo "2162"]
[BlackElo "2286"]
[PlyCount "33"]
[EventDate "2004.10.16"]

1. Nf3 d5 2. d4 e6 3. c4 c6 4. e3 Nf6 5. Nc3 Nbd7 6. Bd3 dxc4 7. Bxc4 b5 8. Bd3
Bb7 9. O-O b4 10. Na4 c5 11. dxc5 Bxc5 12. Nxc5 Nxc5 13. Bb5+ Ke7 14. Nd4 Qb6
15. a3 Rhd8 16. axb4 Nce4 17. Qa4 1/2-1/2

[Event "2. Bundesliga West 2004/2005"]
[Site "Salzburg"]
[Date "2005.03.05"]
[Round "10.5"]
[White "Burschowsky, M."]
[Black "Marchhart, Matthias"]
[Result "0-1"]
[WhiteElo "2164"]
[BlackElo "2111"]
[PlyCount "120"]
[EventDate "2004.10.16"]

1. Nf3 Nf6 2. c4 g6 3. Nc3 d5 4. d4 Bg7 5. g3 O-O 6. Bg2 c6 7. O-O Ne4 8. Bf4
Nxc3 9. bxc3 Nd7 10. cxd5 cxd5 11. Qb3 Nb6 12. Nd2 h6 13. h4 Bd7 14. a4 Bc6 15.
a5 Nc8 16. e4 e6 17. Be3 Ne7 18. Rfd1 Qd7 19. c4 Rfd8 20. Qb4 Bf8 21. Qb3 Kh7
22. Bh3 f5 23. cxd5 exd5 24. h5 dxe4 25. Qf7+ Bg7 26. hxg6+ Nxg6 27. Qxf5 Qe7
28. Nc4 Bd7 29. Qh5 Bxh3 30. Qxh3 Rd5 31. Rab1 Rad8 32. Rb3 Rc5 33. Rc1 Rc7 34.
Rb5 Rdc8 35. Rc5 Rxc5 36. dxc5 Rf8 37. Nd6 Ne5 38. Qh5 Qe6 39. Nxb7 Rf5 40. Qh3
Qg6 41. g4 Nxg4 42. Qg2 Be5 43. Nd6 Bh2+ 44. Kh1 Rh5 45. Nxe4 Bf4+ 46. Kg1 Nxe3
47. Qxg6+ Kxg6 48. Rb1 Bh2+ 49. Kh1 Nc4 50. a6 Kf5 51. Re1 Bc7+ 52. Kg2 Kf4 53.
c6 Re5 54. f3 Bb6 55. Rc1 Ne3+ 56. Kf2 Rh5 57. c7 Nd5+ 58. Ke2 Rh2+ 59. Kd3
Nxc7 60. Nd2 Rxd2+ 0-1

[Event "2. Bundesliga West 2004/2005"]
[Site "Salzburg"]
[Date "2005.03.05"]
[Round "10.6"]
[White "Teske, Henrik"]
[Black "Ginsburg, Gennadij"]
[Result "1/2-1/2"]
[WhiteElo "2542"]
[BlackElo "2519"]
[PlyCount "33"]
[EventDate "2004.10.16"]

1. Nf3 Nf6 2. c4 g6 3. Nc3 Bg7 4. g3 O-O 5. Bg2 d6 6. O-O e5 7. d4 Nbd7 8. Qc2
c6 9. Rd1 Qe7 10. e4 exd4 11. Nxd4 Ne5 12. f4 Nxc4 13. b3 c5 14. Ndb5 a6 15.
bxc4 axb5 16. cxb5 Nxe4 17. Bxe4 1/2-1/2